Elementary linear programming with applications / (Record no. 526963)

000 -LEADER
fixed length control field 01426pam a2200349 a 4500
001 - CONTROL NUMBER
control field 3488919
003 - CONTROL NUMBER IDENTIFIER
control field NUST
005 - DATE AND TIME OF LATEST TRANSACTION
control field 20190718061317.0
008 - FIXED-LENGTH DATA ELEMENTS--GENERAL INFORMATION
fixed length control field 941011s1995 caua b 001 0 eng
010 ## - LIBRARY OF CONGRESS CONTROL NUMBER
LC control number 94041256
020 ## - INTERNATIONAL STANDARD BOOK NUMBER
International Standard Book Number 012417910X (case)
038 ## - RECORD CONTENT LICENSOR
Staff Name Ashad
040 ## - CATALOGING SOURCE
Original cataloging agency DLC
Transcribing agency DLC
Modifying agency DLC
050 00 - LIBRARY OF CONGRESS CALL NUMBER
Classification number T57.74
Item number .K64 1995
082 00 - DEWEY DECIMAL CLASSIFICATION NUMBER
Classification number 519.72
Author Mark KOL
100 1# - MAIN ENTRY--PERSONAL NAME
Personal name Kolman, Bernard,
Dates associated with a name 1932-
9 (RLIN) 17978
245 10 - TITLE STATEMENT
Title Elementary linear programming with applications /
Statement of responsibility, etc. Bernard Kolman, Robert E. Beck.
250 ## - EDITION STATEMENT
Edition statement 2nd ed.
260 ## - PUBLICATION, DISTRIBUTION, ETC.
Place of publication, distribution, etc. San Diego :
Name of publisher, distributor, etc. Academic Press,
Date of publication, distribution, etc. 1995.
300 ## - PHYSICAL DESCRIPTION
Extent xxii, 449 p. :
Other physical details ill. ;
Dimensions 24 cm. +
Accompanying material 1 computer disk (3 1/2 in.)
490 1# - SERIES STATEMENT
Series statement Computer science and scientific computing series
504 ## - BIBLIOGRAPHY, ETC. NOTE
Bibliography, etc. note Includes bibliographical references and index.
538 ## - SYSTEM DETAILS NOTE
System details note System requirements for accompanying disk: IBM compatible PC; DOS.
650 #0 - SUBJECT ADDED ENTRY--TOPICAL TERM
Topical term or geographic name entry element Linear programming.
9 (RLIN) 10838
700 1# - ADDED ENTRY--PERSONAL NAME
Personal name Beck, Robert Edward,
Dates associated with a name 1941-
9 (RLIN) 17979
830 #0 - SERIES ADDED ENTRY--UNIFORM TITLE
Uniform title Computer science and scientific computing.
9 (RLIN) 17980
856 42 - ELECTRONIC LOCATION AND ACCESS
Materials specified Publisher description
Uniform Resource Identifier <a href="http://www.loc.gov/catdir/description/els032/94041256.html">http://www.loc.gov/catdir/description/els032/94041256.html</a>
856 41 - ELECTRONIC LOCATION AND ACCESS
Materials specified Table of contents
Uniform Resource Identifier <a href="http://www.loc.gov/catdir/toc/els032/94041256.html">http://www.loc.gov/catdir/toc/els032/94041256.html</a>
906 ## - LOCAL DATA ELEMENT F, LDF (RLIN)
a 7
b cbc
c orignew
d 1
e ocip
f 19
g y-gencatlg
942 ## - ADDED ENTRY ELEMENTS (KOHA)
Source of classification or shelving scheme
Koha item type Book
Holdings
Withdrawn status Lost status Source of classification or shelving scheme Damaged status Not for loan Permanent Location Current Location Shelving location Date acquired Source of acquisition Cost, normal purchase price Total Checkouts Full call number Barcode Date last seen Copy number Price effective from Koha item type
          NUST Baluchistan Campus (NBC) NUST Baluchistan Campus (NBC) Book Cart 07/18/2019 Purchased 0.00   519.72 KOL Q-55 07/18/2019 1 07/18/2019 Book
© 2023 Central Library, National University of Sciences and Technology. All Rights Reserved.